<?xml version="1.0" encoding="UTF-8"?>
<record
    xmlns:xsi="http://www.w3.org/2001/XMLSchema-instance"
    xsi:schemaLocation="http://www.loc.gov/MARC21/slim http://www.loc.gov/standards/marcxml/schema/MARC21slim.xsd"
    xmlns="http://www.loc.gov/MARC21/slim">

  <leader>00757nam a2200157   4500</leader>
  <controlfield tag="001">6520</controlfield>
  <datafield tag="020" ind1="0" ind2="0">
    <subfield code="a">0908228058</subfield>
  </datafield>
  <datafield tag="100" ind1="0" ind2="0">
    <subfield code="a">Mollison, Bill.</subfield>
  </datafield>
  <datafield tag="245" ind1="0" ind2="0">
    <subfield code="a">Introduction to permaculture /</subfield>
    <subfield code="b"></subfield>
    <subfield code="c">Bill Mollison. With Reny Mia Slay.</subfield>
    <subfield code="h"></subfield>
  </datafield>
  <datafield tag="260" ind1="0" ind2="0">
    <subfield code="a"></subfield>
    <subfield code="b">Tagari Publications,</subfield>
    <subfield code="c"></subfield>
  </datafield>
  <datafield tag="300" ind1="0" ind2="0">
    <subfield code="a">vi, 198 p.: ill, 29 cm.</subfield>
  </datafield>
  <datafield tag="504" ind1=" " ind2=" ">
    <subfield code="a">Includes bibliographical references and index.</subfield>
  </datafield>
  <datafield tag="520" ind1=" " ind2=" ">
    <subfield code="a">Permaculture is the science and art of designing a  permanent and sustainable agriculture. This book outlines  permaculture planning and design methods, garden layouts,  greenhouse and fencing strategies, integrating livestock  and aquaculture with crops, land access, community funding  systems and more.</subfield>
  </datafield>
  <datafield tag="650" ind1="0" ind2="0">
    <subfield code="a">Permaculture.</subfield>
    <subfield code="x"></subfield>
  </datafield>
  <datafield tag="999" ind1=" " ind2=" ">
    <subfield code="c">5497</subfield>
    <subfield code="d">5497</subfield>
  </datafield>
  <datafield tag="952" ind1=" " ind2=" ">
    <subfield code="0">0</subfield>
    <subfield code="1">0</subfield>
    <subfield code="2">ddc</subfield>
    <subfield code="4">0</subfield>
    <subfield code="7">0</subfield>
    <subfield code="8">MAIN</subfield>
    <subfield code="a">RTCLIB</subfield>
    <subfield code="b">RTCLIB</subfield>
    <subfield code="c">MAIN</subfield>
    <subfield code="d">2018-11-27</subfield>
    <subfield code="h"> </subfield>
    <subfield code="i">10253</subfield>
    <subfield code="l">0</subfield>
    <subfield code="o">631.58 MIA</subfield>
    <subfield code="p">30011207</subfield>
    <subfield code="r">2018-11-27 00:00:00</subfield>
    <subfield code="w">2018-11-27</subfield>
    <subfield code="y">MAIN</subfield>
  </datafield>
</record>
